| 000 | 01466nam a22002177a 4500 | ||
|---|---|---|---|
| 003 | PILC | ||
| 005 | 20250123133623.0 | ||
| 008 | 170510b2014 xxu||||| |||| 00| 0 eng d | ||
| 010 | _aAcc#45486 | ||
| 020 | _a9781596693975 | ||
| 040 | _cPhilippine Baptist Theological Seminary | ||
| 050 |
_aBV 4395 _bR342 2014 |
||
| 100 | _aRhea, Rhonda | ||
| 245 |
_aJoin the insanity : crazy-fun life in the pastors' wives club / _cRhonda Rhea |
||
| 264 |
_aBirmingham, AL : _bNew Hope, _c©2014 |
||
| 300 |
_a189 p. ; _c21 cm |
||
| 505 | _aAn intro: me, my role, and I -- Swimming in the fishbowl - without sleeping with the fishes -- Positively positive -- When there's a P-Dub Rub -- Wounded warrior -- Fixing a P-Dub flub -- Constructing myself a pedestal -- Don't go down with the friend ship: keeping friendships afloat -- Leftovers, again? -- The perfect P-Dub grub -- Lovin' the hub in the P-Dub club -- When Papa Ain't happy -- His and hers matching burnout -- Don't you be messin' with my man -- Family time: now where did I put that? -- But really I'm just in this for the money -- When Christians are unchristian -- Great expectations -- My own worst critic -- Who's calling, please? -- A server with fervor -- Take-cover! -- It's been rumored -- To work the impossible work: Super P-Dubbery -- P-Dubs and the cubs -- I'll come by and pick you up -- | ||
| 650 |
_aClergy _xSpouses _xReligious life |
||
| 650 |
_aChristian women _xReligious life |
||
| 942 |
_2ddc _cCB |
||
| 999 |
_c70698 _d70698 |
||